1143 1728 1967 1284 1446 1440 1554 1213 1887 1746 1500 1605 1776 1498 1919 1429 1052 1557 1277 1430 1192 1310 1603 1366 1525 1060 1201 1640 1103 1341 1675 1084 1927 1746 1481 1927 1046 1421 1760 1138 1899 1309 1864 1076 1086 1990 1187 1489 1714 1317 1411 1870 1480 1105 1076 1524 1442 1074 1782 1273 1569 1630 1335 1871 1353 1244 1431 1221 1404 1151 1570 1455 1509 1318 1681 1159 1853 1006 1909 1237 1064 1026 1596 1408 1573 1481 1235 1155 1466 1034 1063 1396 1984 1104 1279 1154 1824 1841 1428 BCNSPRNW ULIB Ver.6.0+V

เปลี่ยนเป็นภาษาไทย

Change to English
 แสดงรายละเอียดบรรณานุกรม
  กลับหน้าหลัก

Brief Record : Get Marc (ISO 2709) : E-mail record : QR code < ปิดหน้าต่าง
LEADER : 00000nam 2200000uu 4500
001    13399112045
003     ULIB
008    110725s2537||||th 000 0 tha d
020    9747055155
050  4 H62^bอ825ก 2543
100 0  อุทุมพร (ทองอุไทย) จามรมาน
245 10 การทำวิจัยเชิงสำรวจ =^bConducting a survey research /^cโดย อุทุมพร (ทองอุไทย) จามรมาน
246 31 Conducting a survey research
260    [ม.ป.ท :^bม.ป.พ],^c2537
300    ก-ค, 145 หน้า
500    การทำวิจัยเชิงสำรวจ เล่มที่ 13
650  7 วิจัย
650  7 การสำรวจ
945    ^p50^l0^i019096
945    ^p50^l0^i029122
995    ทศพร
999 ^a ทศพร
รายการนี้ยังไม่มีแท็ก
คุณยังไม่ได้ล็อกอิน คุณสามารถมีกิจกรรมร่วมกับเว็บไซต์ได้ แต่ต้องล็อกอินก่อน ::
  ล็อกอิน

รายการสื่อสารสนเทศ

ลำดับที่ ประเภท เลขเรียก/บาร์โค้ด สถานที่ สถานะ
- ไม่พบข้อมูล -

รายการใกล้เคียง
    ผู้แต่ง [อุทุมพร (ทองอุไทย) จามรมาน]

    หัวเรื่อง [วิจัย]
    หัวเรื่อง [การสำรวจ]

BibComment


ยังไม่เคยถูกคอมเมนท์

คอมเมนท์ทรัพยากรรายการนี้
  คอมเมนท์: การทำวิจัยเชิงสำร..


 Copyright 2026. Bcnsprnw @Library